<?xml version="1.0" encoding="UTF-8"?>
<record
    xmlns:xsi="http://www.w3.org/2001/XMLSchema-instance"
    xsi:schemaLocation="http://www.loc.gov/MARC21/slim http://www.loc.gov/standards/marcxml/schema/MARC21slim.xsd"
    xmlns="http://www.loc.gov/MARC21/slim">

  <leader>01868cam a2200517 a 4500</leader>
  <controlfield tag="001">000013034</controlfield>
  <controlfield tag="005">20260325092010.0</controlfield>
  <controlfield tag="008">940329s1993    ve       b    000 0 spa  </controlfield>
  <datafield tag="020" ind1=" " ind2=" ">
    <subfield code="a">9806276116</subfield>
  </datafield>
  <datafield tag="040" ind1=" " ind2=" ">
    <subfield code="a">DO-SdBNP</subfield>
    <subfield code="b">spa</subfield>
    <subfield code="c">LC</subfield>
    <subfield code="d">BNPHU</subfield>
  </datafield>
  <datafield tag="082" ind1=" " ind2=" ">
    <subfield code="a">345.8701</subfield>
    <subfield code="b">B849d</subfield>
  </datafield>
  <datafield tag="100" ind1="1" ind2=" ">
    <subfield code="a">Briceno V., Gustavo.</subfield>
    <subfield code="9">30099</subfield>
  </datafield>
  <datafield tag="245" ind1="1" ind2="3">
    <subfield code="a">El defensor del pueblo en Venezuela :</subfield>
    <subfield code="b">la figura del Ombudsman /</subfield>
    <subfield code="c">Jos&#xE9; Guillermo Andueza ... [et al.]. ; presentaci&#xF3;n Gustavo Briceno Vivas.</subfield>
  </datafield>
  <datafield tag="260" ind1=" " ind2=" ">
    <subfield code="a">Caracas :</subfield>
    <subfield code="b">Kinesis,</subfield>
    <subfield code="c">1993.</subfield>
  </datafield>
  <datafield tag="300" ind1=" " ind2=" ">
    <subfield code="a">357 p. ;</subfield>
    <subfield code="c">21 cm.</subfield>
  </datafield>
  <datafield tag="500" ind1=" " ind2=" ">
    <subfield code="a">"Libro homenaje a Orlando Tovar".</subfield>
  </datafield>
  <datafield tag="650" ind1=" " ind2="4">
    <subfield code="a">Defensor del pueblo</subfield>
    <subfield code="z">Venezuela</subfield>
    <subfield code="9">30100</subfield>
  </datafield>
  <datafield tag="650" ind1=" " ind2="0">
    <subfield code="a">Poder judicial</subfield>
    <subfield code="9">556</subfield>
  </datafield>
  <datafield tag="700" ind1="1" ind2=" ">
    <subfield code="a">Brice&#xF1;o Vivas, Gustavo.</subfield>
    <subfield code="9">30101</subfield>
  </datafield>
  <datafield tag="700" ind1="1" ind2=" ">
    <subfield code="a">Andueza Acuna, Jos&#xE9; Guillermo.</subfield>
    <subfield code="9">30102</subfield>
  </datafield>
  <datafield tag="700" ind1="1" ind2=" ">
    <subfield code="a">Arrieta, Ra&#xFA;l.</subfield>
    <subfield code="9">30103</subfield>
  </datafield>
  <datafield tag="700" ind1="1" ind2=" ">
    <subfield code="a">Brice&#xF1;o Vivas, Gustavo.</subfield>
    <subfield code="9">30101</subfield>
  </datafield>
  <datafield tag="700" ind1="1" ind2=" ">
    <subfield code="a">Caldera, Rafael.</subfield>
    <subfield code="9">20912</subfield>
  </datafield>
  <datafield tag="700" ind1="1" ind2=" ">
    <subfield code="a">Carta&#xF1;&#xE1;, Antonio.</subfield>
    <subfield code="9">30104</subfield>
  </datafield>
  <datafield tag="700" ind1="1" ind2=" ">
    <subfield code="a">Combellas, Ricardo.</subfield>
    <subfield code="9">30105</subfield>
  </datafield>
  <datafield tag="700" ind1="1" ind2=" ">
    <subfield code="a">Duque Corredor, Rom&#xE1;n J.</subfield>
    <subfield code="9">30106</subfield>
  </datafield>
  <datafield tag="700" ind1="1" ind2=" ">
    <subfield code="a">Fern&#xE1;ndez, Fernando M.</subfield>
    <subfield code="9">30107</subfield>
  </datafield>
  <datafield tag="700" ind1="1" ind2=" ">
    <subfield code="a">Fern&#xE1;ndez V., Mar&#xED;a H.</subfield>
    <subfield code="9">30108</subfield>
  </datafield>
  <datafield tag="700" ind1="1" ind2=" ">
    <subfield code="a">Garc&#xED;a, Marisol.</subfield>
    <subfield code="9">30109</subfield>
  </datafield>
  <datafield tag="700" ind1="1" ind2=" ">
    <subfield code="a">Gil Robles, Alvaro.</subfield>
    <subfield code="9">30110</subfield>
  </datafield>
  <datafield tag="700" ind1="1" ind2=" ">
    <subfield code="a">Gil Delgado.</subfield>
    <subfield code="9">30111</subfield>
  </datafield>
  <datafield tag="700" ind1="1" ind2=" ">
    <subfield code="a">Guer&#xF3;n, Carlos.</subfield>
    <subfield code="9">30112</subfield>
  </datafield>
  <datafield tag="700" ind1="1" ind2=" ">
    <subfield code="a">Hochman, Issac.</subfield>
    <subfield code="9">30113</subfield>
  </datafield>
  <datafield tag="700" ind1="1" ind2=" ">
    <subfield code="a">Mu&#xF1;oz, Freddy.</subfield>
    <subfield code="9">30114</subfield>
  </datafield>
  <datafield tag="700" ind1="1" ind2=" ">
    <subfield code="a">Oma&#xF1;a Par&#xE9;s, Gustavo Adolfo.</subfield>
    <subfield code="9">30115</subfield>
  </datafield>
  <datafield tag="700" ind1="1" ind2=" ">
    <subfield code="a">Reyes S. Pedro Miguel.</subfield>
    <subfield code="9">30116</subfield>
  </datafield>
  <datafield tag="700" ind1="1" ind2=" ">
    <subfield code="a">Rond&#xF3;n de Sans&#xF3;, Hildegard.</subfield>
    <subfield code="9">30117</subfield>
  </datafield>
  <datafield tag="700" ind1="1" ind2=" ">
    <subfield code="a">Roth, Nelson.</subfield>
    <subfield code="9">30118</subfield>
  </datafield>
  <datafield tag="700" ind1="1" ind2=" ">
    <subfield code="a">Salgueiro, Adolfo P.</subfield>
    <subfield code="9">30119</subfield>
  </datafield>
  <datafield tag="700" ind1="1" ind2=" ">
    <subfield code="a">Salvuchi Salgado, Jos&#xE9; G.</subfield>
    <subfield code="9">30120</subfield>
  </datafield>
  <datafield tag="700" ind1="1" ind2=" ">
    <subfield code="a">Sarmiento N&#xFA;&#xF1;ez, Jos&#xE9; Gabriel.</subfield>
    <subfield code="9">30121</subfield>
  </datafield>
  <datafield tag="700" ind1="1" ind2=" ">
    <subfield code="a">Sosa, Cecilia.</subfield>
    <subfield code="9">30122</subfield>
  </datafield>
  <datafield tag="700" ind1="1" ind2=" ">
    <subfield code="a">Tejera Par&#xED;s, Enrique.</subfield>
    <subfield code="9">30123</subfield>
  </datafield>
  <datafield tag="910" ind1=" " ind2=" ">
    <subfield code="a">Catalogaci&#xF3;n por copia / LC</subfield>
  </datafield>
  <datafield tag="049" ind1=" " ind2=" ">
    <subfield code="a">BNGR</subfield>
  </datafield>
  <datafield tag="952" ind1=" " ind2=" ">
    <subfield code="0">0</subfield>
    <subfield code="1">0</subfield>
    <subfield code="5">2</subfield>
    <subfield code="7">0</subfield>
    <subfield code="8">MO</subfield>
    <subfield code="a">GR</subfield>
    <subfield code="b">GR</subfield>
    <subfield code="c">CT</subfield>
    <subfield code="d">2009-11-19</subfield>
    <subfield code="i">LF1</subfield>
    <subfield code="l">0</subfield>
    <subfield code="o">345.8701 B849d</subfield>
    <subfield code="p">13034-10</subfield>
    <subfield code="r">2020-06-25</subfield>
    <subfield code="w">2020-06-25</subfield>
    <subfield code="y">2</subfield>
    <subfield code="Z">Pr&#xE9;stamo interno</subfield>
  </datafield>
  <datafield tag="999" ind1=" " ind2=" ">
    <subfield code="c">12678</subfield>
    <subfield code="d">12678</subfield>
  </datafield>
</record>
